000 005310000a22001690004500
090 _aAR
_b00189
245 1 0 _aPhylogenetic development of food selection in certain orthopteroids
650 1 4 _aPaleoentomología
_997946
650 1 4 _aEntomología
_94483
650 1 4 _aHábitos alimentarios
_93824
650 1 4 _aOrtópteros
_997796
650 1 4 _aEvolución
_992797
041 0 _aIngles
100 1 _aGangwere, S. K.
_996684
942 _cARTICULO
773 1 _tRevista española de entomología
_kEOS
_mFebrero
_h3-4
_q383-392
_d1967
_gXLII
999 _c13132
_d13132